| 000 | 00374nam a2200133Ia 4500 | ||
|---|---|---|---|
| 008 | 230917s9999||||xx |||||||||||||| ||und|| | ||
| 040 |
_e90742 _aMAIN |
||
| 041 | _aEnglish | ||
| 082 | _a617.7 S23F | ||
| 100 | _aSharma, Om Datta | ||
| 245 | 0 | _aEvaluation of pilocarpine v/s timolol and their combined efficacy in primary open angle glaucoma | |
| 300 | _a87 p. | ||
| 942 | _cTH | ||
| 999 |
_c54906 _d54906 |
||